Todos os times brasileiros que ja jogaram a Libertadores - Statistics

Estatísticas Gerais
  • Esse quiz foi jogado 242 vezes
  • A pontuação média é 27 de 31
Estatísticas das Respostas
Time Participações Melhor campanha % Correto
Palmeiras 24 Titulos (1999, 2020 e 2021)
100%
Corinthians 17 Titulos (2012)
99%
Flamengo 20 Titulos (1981, 2019 e 2022)
99%
Fluminense 10 Titulo (2023)
99%
Gremio 22 Titulos (1981, 1995 e 2017)
99%
Internacional 15 Titulos (2006 e 2010)
99%
Santos 16 Titulos (1962, 1963 e 2011)
99%
São Paulo 22 Titulos (1992, 1993 e 2005)
99%
Cruzeiro 17 Titulos (1976 e 1997)
98%
Vasco 9 Titulo (1998)
98%
Atletico Mineiro 14 Titulo (2013)
97%
Botafogo 6 Semi-Finais (1963 e 1973)
96%
Bahia 3 Quartas de Final (1989)
93%
Fortaleza 2 Oitavas de Final (2022)
90%
Sport 2 Oitavas de Final (2009)
90%
São Caetano 3 Vice-Campeão (2002)
89%
Athletico 9 Vice-Campeão (2005, 2022)
87%
Bragantino 2 Fase de Grupos (2022)
85%
America 1 Fase de Grupos (2022)
83%
Chapecoense 2 Fase de Grupos (2017)
83%
Criciuma 1 Quartas de Final (1992)
82%
Juventude 1 Fase de Grupos (2000)
82%
Coritiba 2 Fases de Grupos (1986 e 2004)
81%
Guarani 3 Semi-Final (1979)
81%
Santo André 1 Fase de Grupos (2005)
78%
Paysandu 1 Oitavas de Final (2003)
76%
Goias 1 Oitavas de Final (2006)
75%
Bangu 1 Fase de Grupos (1986)
70%
Paulista 1 Fase de Grupos (2006)
70%
Nautico 1 Primeira Fase (1968)
67%
Paraná 1 Oitavas de Final (2007)
67%
Nenhum quiz correspondente encontrado
Distribuição das Pontuações
Porcentagem de Pessoas com Cada Pontuação
Percentil de Números Respondidos
Sua Pontuação Histórica
Você não jogou esse quiz